| 000 | 01116nac a22003617a 4500 | ||
|---|---|---|---|
| 001 | BR8302951 | ||
| 003 | BR-BrBNA | ||
| 005 | 20240105115741.0 | ||
| 008 | 230509b bl.|||m| |||| 00| 0 por d | ||
| 040 |
_aBR-BrBNA _bpor _cBiblioteca Nacional de Agricultura |
||
| 072 | _aF23; P10 | ||
| 090 | _aF23 BR8302951 | ||
| 100 | 1 | _aLeal, J. de M. | |
| 100 | 1 | _aMelo, J.G. de | |
| 110 | 1 | _aSuperintendencia do Desenvolvimento do Nordeste, Recife, PE (Brasil) | |
| 245 | 1 | _aBacia sedimentar de Jatoba, Pernambuco (estudo hidrogeologico) | |
| 260 | 3 |
_aRecife, PE (Brasil): _c1983. |
|
| 300 | _a236 p. | ||
| 490 |
_aBrasil. Sudene. Hidrogeologia (Brazil) _vno. 64 _x |
||
| 500 | _a30 tables; 15 graphs; 5 Maps, scale 1:400.000; Summaries (En, Fr, Pt); 28 ref. | ||
| 650 | _aBACIA SEDIMENTAR | ||
| 650 | _aCLIMA | ||
| 650 | _aGEOLOGIA | ||
| 650 | _aROCHA | ||
| 650 | _aHIDROGEOLOGIA | ||
| 650 | _aHIDRAULICA | ||
| 650 | _aAGUAS SUBTERRANEAS | ||
| 650 | _aANALISE QUALITATIVA | ||
| 650 | _aJATOBA | ||
| 650 | _aPERNAMBUCO | ||
| 909 |
_a202312 _bLúcia Elande _c55 _dLúcia Elande |
||
| 942 |
_2AGRIS _n0 _cMS |
||
| 999 |
_c276219 _d276219 |
||